00814nam a2200217 a 4500001001000000003000500010005001700015008004100032010001100073011001100084040000900095100003300104245012100137260004100258500006000299502006900359650003100428650003100459650003600490856007000526000115411CHAP20220329144533.0190520s2018 mx a |sm |||||||spa d a111872 a112844 cCHAP1 aMartínez Juárez, Lucero.10aEstudio del consumo del carbón vegetal en Texcoco, Edo. de Méxicoh[En línea]cpor Lucero Martínes Juárez. aChapingo, Méx. :bEl autor,c2018. aPara ver el contenido del material haga clic en la liga aTesis (Ing. Forestal) -- UACH. División de Ciencias Forestales14aCarbón como combustible.14aCarbón vegetalxConsumo.14aCarbón vegetalxProducción. aFinding aiduhttp://10.13.5.2/tesis/sist115411.pdfzTeclea aquí